Organization and Management (Record no. 84742)

MARC details
000 -LEADER
fixed length control field 00647nam a22002417a 4500
003 - CONTROL NUMBER IDENTIFIER
control field URS
005 - DATE AND TIME OF LATEST TRANSACTION
control field 20250828100455.0
008 - FIXED-LENGTH DATA ELEMENTS--GENERAL INFORMATION
fixed length control field 250317b ||||| |||| 00| 0 eng d
040 ## - CATALOGING SOURCE
Transcribing agency URS
050 ## - LIBRARY OF CONGRESS CALL NUMBER
Classification number HD31
Item number .K33 1979
100 ## - MAIN ENTRY--PERSONAL NAME
9 (RLIN) 11243
Personal name Kast, Fremont E.
245 ## - TITLE STATEMENT
Title Organization and Management
Remainder of title A Systems and Contingency Approach
250 ## - EDITION STATEMENT
Edition statement 3rd Edition
264 ## - PRODUCTION, PUBLICATION, DISTRIBUTION, MANUFACTURE, AND COPYRIGHT NOTICE
Date of production, publication, distribution, manufacture, or copyright notice ©1979
300 ## - PHYSICAL DESCRIPTION
Extent 644 pages.,:
336 ## - CONTENT TYPE
Source rdacontent
Content type term text
337 ## - MEDIA TYPE
Source rdamedia
Media type term unmediated
338 ## - CARRIER TYPE
Source rdacarrier
Carrier type term volume
650 #0 - SUBJECT ADDED ENTRY--TOPICAL TERM
9 (RLIN) 3809
Topical term or geographic name entry element Organization
650 #0 - SUBJECT ADDED ENTRY--TOPICAL TERM
9 (RLIN) 965
Topical term or geographic name entry element Management
700 ## - ADDED ENTRY--PERSONAL NAME
9 (RLIN) 11244
Personal name Rosenzweig, James Erwin
942 ## - ADDED ENTRY ELEMENTS (KOHA)
Source of classification or shelving scheme Library of Congress Classification
Koha item type Reserved Books
Holdings
Withdrawn status Source of classification or shelving scheme Damaged status Not for loan Collection code Home library Current library Date acquired Total Checkouts Full call number Barcode Date last seen Price effective from Koha item type
  Library of Congress Classification     Non-fiction Morong Graduate Library Morong Graduate Library 03/17/2025   HD31 .K33 1979 URSMOR-GL-2645 03/17/2025 03/17/2025 Reserved Books

University of Rizal System
Email us at univlibservices@urs.edu.ph

Visit our Website www.urs.edu.ph/library